000 01501nam a22002897a 4500
005 20090626140648.0
008 090624t xxu||||| |||| 00| 0 mar d
010 _aMAR-20084
020 _c180.00
035 _aMR-12742
037 _bDBAD / PUB
040 _aDPL
_bMR
082 _a363.20954
100 _aबेदी, किरण
_946693
245 _aनेत्तृत्व आणि प्रशासन...../
_cकिरण बेदी: माधुरी शानभाग द्वारा अनुदित
246 _aNatertatv Ani Prashashan
_bby Kiran Bedi
260 _aपुणे
_bमेहता पब्लिशिंग हाऊस
_c2009
270 _a1941,सदाशिव पेठ,माडीवाले कॉलनी
_bपुणे
_e4110030
300 _a237 पृ
_c21 सेमी(अजिल्द)
490 _aअँज आय सी...
_946694
500 _aसमान ISBN 8177664875 "स्त्रियांचे सक्षमीकरण.आणि भारतीय पोलीस सेवा"
650 _aमहिला पुलिस
_946695
650 _aPolice Women
_946696
700 _aशानभाग,माधरी
_946697
942 _2ddc
_cMR
_mबेदीकि
_h363.20954
999 _c27920
_d27920